000 00781nam a2200229 4500
003 OSt
005 20240702064755.0
006 a
008 240702b |||||||| |||| 00| 0 eng d
020 _a9780470902141
040 _aDWCL-Main lib.
_cOC
082 _2Second edition
_aCirc. 515.35 B821d 2011
100 _aBrannan, James R.
245 _aDifferential equations with boundary value problems : modern methods and applications /
250 _aSecond edition
260 _aNew Jersey :
_bJohn Wiley & Sons (Asia),
_cc2011.
300 _avii-xxiv,
_b963 p. : illus, ;
_c25 cm.
504 _aIncludes bibliographical references & index.
650 _a1. Differential equations.
650 _a2. Boundary value problems.
942 _2ddc
_n0
_cBK-CIRC
_eSecond edition
_kCirc.
999 _c1806
_d1806